|
|
|
|
| LEADER |
00000nam a2200000 a 4500 |
| 001 |
vtls010427808 |
| 003 |
SK-MaSNL |
| 005 |
20260331205613.0 |
| 008 |
251120s2011 xo ka j f000 0 slo |
| 013 |
|
|
|a 287970
|b SK
|c patent
|d 20120711
|e dátum sprístupnenia patentu
|
| 013 |
|
|
|a 5024-2005
|e číslo prihlášky
|d 20050314
|e dátum podania prihlášky
|d 20050804
|e dátum zverejnenia prihlášky (Vestník ÚPV SR č.: 8/2005)
|
| 015 |
|
|
|a SNBN2013
|
| 040 |
|
|
|a SNK
|b slo
|c SNK
|e AACR2
|
| 041 |
0 |
|
|a slo
|
| 044 |
|
|
|a xo
|c SK
|
| 072 |
|
7 |
|a 692
|x Konštrukčné prvky a časti stavieb
|2 konspekt
|
| 080 |
|
|
|a 692.54
|2 2001
|
| 084 |
|
|
|a E04B 5/32
|2 IPC
|
| 084 |
|
|
|a E04B 5/17
|2 IPC
|
| 084 |
|
|
|a E04B 9/06
|2 IPC
|
| 100 |
1 |
|
|a Jasaň, Petr
|4 org
|9 718889
|
| 245 |
1 |
0 |
|a Stropná konštrukcia a spôsob jej výroby
|c Petr Jasaň ; patent. zást. Svetozár Juran
|
| 260 |
|
|
|a [Banská Bystrica]
|b Úrad priemyselného vlastníctva SR
|c [2012]
|
| 300 |
|
|
|a 6 s.
|b obr.
|c 30 cm
|
| 650 |
0 |
7 |
|a časti stavieb
|2 SNKPH
|9 87407
|
| 650 |
0 |
7 |
|a stropy
|2 SNKPH
|9 73547
|
| 650 |
0 |
7 |
|a Ceilings
|2 SNKPHeng
|9 368450
|
| 655 |
|
7 |
|a patenty
|2 SNKPH
|9 177343
|
| 700 |
1 |
|
|a Juran, Svetozár
|4 oth
|9 322658
|
| 852 |
|
|
|a Štátna vedecká knižnica v Banskej Bystrici
|
| 999 |
|
|
|c 1122721
|d 1124651
|
| 952 |
|
|
|a SNK
|b SNK
|y PREZ
|7 0
|p 17A1056749
|o snkSK 287970
|i snk2012/23389
|8 0
|0 0
|1 0
|4 0
|d 2012-11-15
|l 0
|r 2026-02-24 18:36:28
|w 2026-02-24
|